| 000 | 00688nam a2200193Ia 4500 | ||
|---|---|---|---|
| 003 | GCL | ||
| 008 | 140319s9999 xx 000 0 ara d | ||
| 040 |
_aGCL / _cGCL |
||
| 082 | 0 | 4 |
_a612.015 _bم ك |
| 100 | 1 | _aمحمد فتحى الهوارى | |
| 245 | 1 | 0 |
_aالكمياء الحيوية العملى لطلبة الصف الثانى : تحليلات مرضية / _cمحمد فتحى الهوارى |
| 700 | 1 | _aفؤاد وهبى عزالدين | |
| 260 |
_a[S.N] : _bوزارة التعليم العالى المعهد الطبى الفنى ، _c1980 |
||
| 300 | _a209 | ||
| 490 | _a | ||
| 650 | 0 | 4 | _aالتعليم |
| 650 | 0 | 4 | _aالكيمياء الحيوية |
| 942 |
_2ddc _cBK |
||
| 999 |
_c53580 _d53580 |
||